000 00313nam a22001337a 4500
008 170519b xxu||||| |||| 00| 0 eng d
020 _a9780073379708
041 _aeng
080 _a94
100 _a16
101 _aSHH
245 _aWEAPLONS MASS DESTRUCTION AND TERRORISM
_cHAWARD.R.D
942 _2udc
_cBK
999 _c13562
_d13562